عرض عادي
عرض مارك
- الصندوق اليهودي الوطني
دخول Topical Term
001 - CONTROL NUMBER
- control field: 26991
003 - CONTROL NUMBER IDENTIFIER
- control field: AE-AdECS
005 - DATE AND TIME OF LATEST TRANSACTION
- control field: 20260226092218.0
008 - FIXED-LENGTH DATA ELEMENTS
- fixed length control field: 260226|| aca||aabn | a|a d
040 ## - CATALOGING SOURCE
- Original cataloging agency: AE-AdECS
- Transcribing agency: AE-AdECS
150 ## - HEADING--TOPICAL TERM
- Topical term or geographic name entry element: الصندوق اليهودي الوطني
670 ## - SOURCE DATA FOUND
- Source citation: Work cat.: (AE-AdECS)294324: العاني، عائشة خليل إبراهيم، مؤلف. 26990, اليهود السوفييت و هجرتهم إلى فلسطين (1922 - 1947 م) /
